000 00681nam a2200241Ia 4500
003 OSt
005 20220918222013.0
006 a|||||r|||| 00| 0
007 ta
008 220917b |||||||| |||| 00| 0 eng d
024 _a214,259
037 _cTextual
040 _aARTS
_cARTS
_beng
041 _2eng
_aeng
082 _aQ43v, P0
100 _aKapstein Matthew T.
_9141958
245 0 _aTibetan assimilation of Buddhism
_b Conversion, contestation and memory
260 _aOxford
_bOxford university press
_c2000
300 _axx, 316 p
_ccm.
650 _aRELIGION
942 _hQ43v, P0
_cTEXL
_2CC
999 _c274282
_d274282